00329cam a22001097a 4500008004000000020001800040100001700058245007800075260003800153300001000191700001800201180718b2001 xxu||||| |||| 00| 0 eng d a81 85809 61 5 aNagori, S.L. aAdunik bharatiya itihas ke pramukh tatvacby S.L. Nagori and Kanta Nagori aJaipurbSablime Publicationc2001 a253p. aNagori, Kanta